| 000 | 00000nam##2200000za#4500 |
| 001 | 9.699902 |
| 003 | CaOODSP |
| 005 | 20210625000607 |
| 007 | cr ||||||||||| |
| 008 | 150407|1915||||xxc|||||o f|0| 0 eng|d |
| 040 | |aCaOODSP|beng |
| 043 | |an-cn--- |
| 086 | 1 |aCP32-97/1915E-PDF |
| 110 | 1 |aCanada. |bPrivy Council Office. |
| 245 | 10|aBoard of Inquiry into Cost of Living - report of the Board. Volume I / |h[electronic resource]|c[Commissioner, John McDougald]. |
| 246 | 1 |aReport of Board of Inquiry into Cost of Living in Canada |
| 260 | |aOttawa - Ontario : |bPrivy Council Office |c1915. |
| 300 | |a78, 49, 98, 145, 153, 175, 141, 118p.|bfigs., graphs, tables |
| 500 | |aHistorical publication digitized in 2012 by the Privy Council Office of Canada. |
| 590 | |a15-04-Supp|b2015-03-19 |
| 690 | 07|aCommissions of inquiry|2gcpds |
| 690 | 07|aEconomic conditions|2gcpds |
| 690 | 07|aStandard of living|2gcpds |
| 775 | 08|tCommission d'enquête sur le coût de la vie - rapport de la Commission |w(CaOODSP)9.643856 |
| 856 | 40|ahttp://publications.gc.ca|qPDF|s9.08 MB|uhttps://publications.gc.ca/collections/collection_2014/bcp-pco/CP32-97-1915-7-eng.pdf |
| 856 | 40|ahttp://publications.gc.ca|qPDF|s8.37 MB|uhttps://publications.gc.ca/collections/collection_2014/bcp-pco/CP32-97-1915-8-eng.pdf |
| 856 | 40|ahttp://publications.gc.ca|qPDF|s8.32 MB|uhttps://publications.gc.ca/collections/collection_2014/bcp-pco/CP32-97-1915-4-eng.pdf |
| 856 | 40|ahttp://publications.gc.ca|qPDF|s7.16 MB|uhttps://publications.gc.ca/collections/collection_2014/bcp-pco/CP32-97-1915-2-eng.pdf |
| 856 | 40|ahttp://publications.gc.ca|qPDF|s8.46 MB|uhttps://publications.gc.ca/collections/collection_2014/bcp-pco/CP32-97-1915-5-eng.pdf |
| 856 | 40|ahttp://publications.gc.ca|qPDF|s10.20 MB|uhttps://publications.gc.ca/collections/collection_2014/bcp-pco/CP32-97-1915-6-eng.pdf |
| 856 | 40|ahttp://publications.gc.ca|qPDF|s7.42 MB|uhttps://publications.gc.ca/collections/collection_2014/bcp-pco/CP32-97-1915-3-eng.pdf |
| 856 | 40|ahttp://publications.gc.ca|qPDF|s6.42 MB|uhttps://publications.gc.ca/collections/collection_2014/bcp-pco/CP32-97-1915-1-eng.pdf |